Normal view
MARC view
Entry Personal Name
001 - CONTROL NUMBER
- control field: 52418
003 - CONTROL NUMBER IDENTIFIER
- control field: ARRUPE
005 - DATE AND TIME OF LATEST TRANSACTION
- control field: 20240215112419.0
008 - FIXED-LENGTH DATA ELEMENTS
- fixed length control field: 240215|| aca||aabn | a|a d
040 ## - CATALOGING SOURCE
- Original cataloging agency: ARRUPE
- Transcribing agency: ARRUPE
100 ## - HEADING--PERSONAL NAME
- Personal name: Drury, Allen
670 ## - SOURCE DATA FOUND
- Source citation: Work cat.: (ARRUPE)131793: Drury, Allen., Come Nineveh, come Tyre;, 1973.